| 000 | 00404cam a2200157ua 4500 | ||
|---|---|---|---|
| 041 |
_aeng _h |
||
| 082 |
_a828.09 _bMAR/WO |
||
| 100 | _aMargoliouth, H M. | ||
| 245 |
_aWordsworth and Coleridge, 1975-1834 / _cH M Margoliouth. _hTextual Documents |
||
| 250 |
_a1 / _b. |
||
| 260 |
_aLondon : _bOxford University Press , _c1953. |
||
| 300 | _a206 ; . | ||
| 504 | _a | ||
| 942 | _cBK | ||
| 999 |
_c6650 _d6650 |
||